ბათუმის შოთა რუსთაველის სახელმწიფო უნივერსიტეტის ბიბლიოთეკა

საქართველოს სამკურნალო მცენარეები (ბიბ.ჩანაწერი № 50744)

000 -LEADER
fixed length control field 00909nam a2200229Ia 4500
001 - CONTROL NUMBER
control field 17696
003 - CONTROL NUMBER IDENTIFIER
control field GE_BSU
008 - FIXED-LENGTH DATA ELEMENTS--GENERAL INFORMATION
fixed length control field 181216s||||||||xx |||||||||||||| ||und||
020 ## - INTERNATIONAL STANDARD BOOK NUMBER
International Standard Book Number 978-9941-0-6834-8
040 ## - CATALOGING SOURCE
Transcribing agency GE_BSU
080 ## - UNIVERSAL DECIMAL CLASSIFICATION NUMBER
Universal Decimal Classification number 633.88(479.22)+615+581
100 ## - MAIN ENTRY--PERSONAL NAME
Personal name პაპუნიძე, ვ. (ვანო)
245 ## - TITLE STATEMENT
Title საქართველოს სამკურნალო მცენარეები
250 ## - EDITION STATEMENT
Edition statement მე-3 შევსებული გამოცემა
260 ## - PUBLICATION, DISTRIBUTION, ETC.
Name of publisher, distributor, etc. საქ. მეცნ. ეროვნ. აკად. სტ
260 ## - PUBLICATION, DISTRIBUTION, ETC.
Date of publication, distribution, etc. 2014
300 ## - PHYSICAL DESCRIPTION
Extent 216 გვ. : ფერ. ფოტ. ; 29 სმ.
300 ## - PHYSICAL DESCRIPTION
Accompanying material საძიებელი: გვ. 207-210.
520 ## - SUMMARY, ETC.
Summary, etc. რეზ. რუს. და ინგლ
653 ## - INDEX TERM--UNCONTROLLED
Uncontrolled term საქართველოს სამკურნალო მცენარეები
942 ## - ADDED ENTRY ELEMENTS (KOHA)
Koha item type წიგნი
ეგზემპლარები
Withdrawn status Lost status Damaged status Not for loan Date acquired Barcode Date last seen Price effective from Koha item type
        2018-12-17 41552 2018-12-17 2018-12-17 წიგნი